|
|
|
|
| LEADER |
00000cam a2200000 a 4500 |
| 001 |
vtls001353286 |
| 003 |
SK-MaSNL |
| 005 |
20260301160714.0 |
| 008 |
141106s1998 xo ap e 00000 slo |
| 015 |
|
|
|a SNBA1999/05-01919
|
| 020 |
|
|
|a 807100541X
|
| 035 |
|
|
|a SNK000306695
|
| 040 |
|
|
|a SNK
|b slo
|c SNK
|e AACR2
|
| 041 |
0 |
|
|a slo
|
| 044 |
|
|
|a xo
|c SK
|
| 080 |
|
|
|a 621.74(035)=854=850
|2 1981
|
| 245 |
0 |
0 |
|a Školenie tavičov a majstrov zlievárenských profesií
|b Partizánske, 4.-6.11.1998
|c [zostavil: Flašíková Antónia]
|
| 260 |
|
|
|a [Žilina]
|b Žilinská univerzita
|c 1998
|
| 300 |
|
|
|a 95 s.
|c 30 cm
|
| 366 |
|
|
|e 100 výt.
|
| 546 |
|
|
|a Čiast. text v češ.
|
| 650 |
0 |
7 |
|a zlievarenstvo
|2 SNKPH
|9 67317
|
| 650 |
0 |
7 |
|a technológia
|2 SNKPH
|9 66619
|
| 655 |
|
7 |
|a príručky
|2 SNKPH
|9 74364
|
| 700 |
1 |
|
|a Flašíková, Antónia
|4 com
|9 43721
|
| 919 |
|
|
|a 80-7100-541-X
|
| 958 |
|
|
|a TL
|
| 958 |
|
|
|a NB
|
| 958 |
|
|
|a OND
|
| 999 |
|
|
|c 806563
|d 808493
|
| 952 |
|
|
|t P60, <09>, [BOOK], {629}
|a SNK
|b SNK
|y NEVYP
|7 0
|o snkB 7
|i snk69/990127
|0 0
|1 0
|4 0
|d 1999-01-26
|l 0
|r 2005-01-02 00:00:00
|w 2026-02-24
|
| 952 |
|
|
|a SNK
|b SNK
|y PREZ
|7 0
|p 17A0177784
|o snkSB 59747
|i snkKSP 642/99
|0 0
|1 0
|4 0
|d 1999-01-26
|l 0
|r 2025-04-09 00:00:00
|w 2026-02-24
|
| 952 |
|
|
|t P60, <04>, [BOOK], {604}
|a SNK
|b SNK
|y PREZ
|7 0
|p 17A0177785
|o snkSB 59747 D1
|i snkKSP 643/99
|0 0
|1 0
|4 0
|d 1999-01-26
|l 0
|r 2005-01-02 00:00:00
|w 2026-02-24
|